The threshold of democracy : Athens in 403 B.C. (Record no. 59887)

MARC details
000 -LEADER
fixed length control field 00680nam a2200181 a 4500
008 - FIXED-LENGTH DATA ELEMENTS--GENERAL INFORMATION
fixed length control field 210212s2005 ||||||||||||||||| || u
020 ## - INTERNATIONAL STANDARD BOOK NUMBER
International Standard Book Number 9780393937329
050 ## - LIBRARY OF CONGRESS CALL NUMBER
Classification number JC 75 .D36 Obe
100 ## - MAIN ENTRY--PERSONAL NAME
Personal name Carnes, Mark C
245 14 - TITLE STATEMENT
Title The threshold of democracy : Athens in 403 B.C.
Statement of responsibility, etc. By Josiah Ober; Mark C. Carnes
260 ## - PUBLICATION, DISTRIBUTION, ETC.
Place of publication, distribution, etc. New York
Name of publisher, distributor, etc. Norton
Date of publication, distribution, etc. 2005
300 ## - PHYSICAL DESCRIPTION
Extent vii, 118 pages : illustrations
650 ## - SUBJECT ADDED ENTRY--TOPICAL TERM
Topical term or geographic name entry element DEMOCRACY
650 ## - SUBJECT ADDED ENTRY--TOPICAL TERM
Topical term or geographic name entry element GREECE--ANTHENS
650 ## - SUBJECT ADDED ENTRY--TOPICAL TERM
Topical term or geographic name entry element POLITICS AND GOVERNMENT
700 ## - ADDED ENTRY--PERSONAL NAME
Personal name Ober, Josiah
995 ## - RECOMMENDATION 995 [LOCAL, UNIMARC FRANCE]
-- 64.82
-- CBU-MAIN LIBRARY (Kitwe)
-- 1
-- AVAILABLE
-- Feb 18, 2021
-- Main Library Open Access Collection
Holdings
Withdrawn status Lost status Source of classification or shelving scheme Damaged status Not for loan Home library Current library Shelving location Date acquired Total Checkouts Full call number Barcode Date last seen Price effective from Koha item type
          CBU-MAIN LIBRARY, KITWE. CBU-MAIN LIBRARY, KITWE.   11/30/2022   JC 75 .D36 Obe 750703 11/30/2022 11/30/2022 MONOGRAPH